J1/J2昇降格クラブ - Statistics

General Stats
  • This quiz has been taken 27 times
  • The average score is 118 of 135
Answer Stats
年度 順位 チーム % Correct
2025 1 水戸
100%
18 千葉
94%
18 長崎
94%
2 長崎
94%
2 長崎
94%
3 千葉
94%
1998 14 札幌
88%
1999 15 浦和
88%
2000 15 京都
88%
2001 15 福岡
88%
2002 15 広島
88%
16 札幌
88%
2003 15 仙台
88%
16 京都
88%
2005 16
88%
18 神戸
88%
2006 16 福岡
88%
18 京都
88%
2007 16 広島
88%
18 札幌
88%
2009 16
88%
17 京都
88%
18 湘南
88%
17 福岡
88%
18 山形
88%
2012 16 神戸
88%
18 札幌
88%
2013 16 湘南
88%
17 磐田
88%
2014 16 大宮
88%
18 徳島
88%
2015 16 松本
88%
17 清水
88%
18 山形
88%
2016 16 名古屋
88%
17 湘南
88%
18 福岡
88%
17 新潟
88%
18 大宮
88%
2018 17
88%
2019 17 松本
88%
18 磐田
88%
2021 17 徳島
88%
19 仙台
88%
2022 17 清水
88%
18 磐田
88%
2024 18 磐田
88%
19 札幌
88%
20 鳥栖
88%
19 湘南
88%
20 新潟
88%
2000 1 札幌
88%
2 浦和
88%
2001 1 京都
88%
2 仙台
88%
2003 1 新潟
88%
2 広島
88%
2 大宮
88%
2005 1 京都
88%
2 福岡
88%
2
88%
3 神戸
88%
2007 1 札幌
88%
3 京都
88%
2008 1 広島
88%
2 山形
88%
2009 1 仙台
88%
3 湘南
88%
2010 1
88%
3 福岡
88%
2 鳥栖
88%
3 札幌
88%
2 湘南
88%
2 神戸
88%
4 徳島
88%
2014 1 湘南
88%
2 松本
88%
6 山形
88%
2015 1 大宮
88%
2 磐田
88%
3 福岡
88%
2016 1 札幌
88%
2 清水
88%
2017 1 湘南
88%
3 名古屋
88%
2018 1 松本
88%
2019 1
88%
2020 1 徳島
88%
2 福岡
88%
2021 1 磐田
88%
2 京都
88%
2022 1 新潟
88%
2 磐田
88%
2024 1 清水
88%
5 岡山
88%
16 C大阪
88%
17 C大阪
88%
17 C大阪
88%
2 C大阪
88%
2 C大阪
88%
4 C大阪
88%
18 横浜FC
88%
2010 16 FC東京
88%
20 横浜FC
88%
2023 18 横浜FC
88%
2025 18 横浜FC
88%
2 FC東京
88%
2006 1 横浜FC
88%
2011 1 FC東京
88%
2 横浜FC
88%
2 横浜FC
88%
2 横浜FC
88%
17 G大阪
88%
2013 1 G大阪
88%
17 東京V
88%
2008 17 東京V
88%
2 東京V
88%
3 東京V
88%
16 川崎
82%
17 大分
82%
18 大分
82%
18 大分
82%
1999 1 川崎
82%
2002 1 大分
82%
2004 1 川崎
82%
6 大分
82%
2 大分
82%
17 甲府
76%
2011 16 甲府
76%
2017 16 甲府
76%
3 甲府
76%
2 甲府
76%
2012 1 甲府
76%
2023 1 町田
76%
16 平塚
41%
No matching quizzes found
Score Distribution
Percent of People with Each Score
Percentile by Number Answered
Your Score History
You have not taken this quiz